Kargil Review Committee Report: executive summary (Record no. 491240)

000 -LEADER
fixed length control field 00418cam a22001457a 4500
008 - FIXED-LENGTH DATA ELEMENTS--GENERAL INFORMATION
fixed length control field 180718b xxu||||| |||| 00| 0 eng d
082 ## - DEWEY DECIMAL CLASSIFICATION NUMBER
Classification number Dx54 K145
245 ## - TITLE STATEMENT
Title Kargil Review Committee Report: executive summary
260 ## - PUBLICATION, DISTRIBUTION, ETC.
Place of publication, distribution, etc.
Name of publisher, distributor, etc.
Date of publication, distribution, etc.
300 ## - PHYSICAL DESCRIPTION
Extent 41p.
500 ## - GENERAL NOTE
General note Chairman: L K. Subrahmanyam
650 ## - SUBJECT ADDED ENTRY--TOPICAL TERM
Topical term or geographic name entry element India - Foreign relations - Pakistan
650 ## - SUBJECT ADDED ENTRY--TOPICAL TERM
Topical term or geographic name entry element Kargil conflict, 1999
700 ## - ADDED ENTRY--PERSONAL NAME
Personal name Subrahmanyam, K. (Chairman)
Holdings
Withdrawn status Lost status Damaged status Not for loan Permanent Location Current Location Date acquired Full call number Barcode Date last seen Price effective from Koha item type
        Indian Institute of Public Administration Indian Institute of Public Administration 2018-08-04 Dx54 K145 GG24838 2018-08-04 2018-08-04 GG

Powered by Koha